|
|
|
|
| LEADER |
00000cam a2200000 a 4500 |
| 001 |
vtls001392988 |
| 003 |
SK-MaSNL |
| 005 |
20260301071506.0 |
| 008 |
251031s1999 xo r 0000j cze |
| 015 |
|
|
|a SNBG2000/03-01096
|
| 020 |
|
|
|a 8080630275
|
| 035 |
|
|
|a SNK000347295
|
| 040 |
|
|
|a SNK
|b slo
|c SNK
|e AACR2
|
| 041 |
1 |
|
|a cze
|h slo
|
| 044 |
|
|
|a xo
|c SK
|
| 080 |
|
|
|a 087.5(084)
|2 1981
|
| 100 |
1 |
|
|a Nagaj, Ondrej,
|d 1940-
|4 aut
|9 97725
|
| 240 |
1 |
0 |
|a Kamaráti z lesa
|l Česky
|
| 245 |
1 |
0 |
|a Kamarádi z lesa
|h grafika
|c Ondrej Nagaj, Katarína Ševellová ; ze slovenského originálu přeložil: Jozef Junas
|
| 260 |
|
|
|a Martin
|b Osveta
|c c1999
|
| 300 |
|
|
|a [16] s.
|c 17x22 cm
|
| 655 |
|
7 |
|a slovenské príbehy
|2 SNKPH
|9 70494
|
| 655 |
|
7 |
|a publikácie pre deti
|2 SNKPH
|9 70148
|
| 655 |
|
7 |
|a leporelá
|2 SNKPH
|9 60414
|
| 700 |
1 |
|
|a Ševellová-Šuteková, Katarína,
|d 1948-
|4 ill
|9 38343
|
| 700 |
1 |
|
|a Junas, Jozef,
|d 1944-
|4 trl
|9 234089
|
| 852 |
|
|
|a Slovenská národná knižnica
|
| 919 |
|
|
|a 80-8063-027-5
|
| 958 |
|
|
|a GKH
|
| 958 |
|
|
|a TL
|
| 958 |
|
|
|a DB
|
| 999 |
|
|
|c 638017
|d 639947
|
| 952 |
|
|
|t P60, <03>, [BOOK], {603}
|a SNK
|b SNK
|y PREZ
|7 0
|p 17A0246671
|o snkSD 70934
|i snkKSP 7376/2000
|0 0
|1 0
|4 0
|d 2000-07-25
|l 0
|r 2005-01-02 00:00:00
|w 2026-02-23
|
| 952 |
|
|
|t P60, <04>, [BOOK], {604}
|a SNK
|b SNK
|y VYP
|7 0
|p 17A0246672
|o snkSD 70934 D1
|i snkKSP 7377/2000
|0 0
|1 0
|4 0
|d 2000-07-25
|l 0
|r 2005-01-02 00:00:00
|w 2026-02-23
|